General Knowledge to stump JengaBeep - Statistics

General Stats
  • This quiz has been taken 11 times
  • The average score is 2 of 10
Answer Stats
Hint Answer % Correct
What letter does not appear on the periodic table? J
78%
How many lighthouses are on the North Carolina coast (2024)? 7
44%
In Greek mythology, what is Nike the god of? Victory
33%
What common toothpaste ingredient is also what coral is made of? Calcium Carbonate
11%
Who wrote the Sci-Fi series "Foundation" Isaac Asimov
11%
What is the name for the absolute value scale of Fahrenheit? Rankine
11%
What is the image of Earth, taken from Voyager 1, called? The Pale Blue Dot
11%
What modern day country was Saint Nick born in? Turkey
11%
What is the name of unusually shiny coins, typically made by the mint for collectors? Proof
0%
What engineering field involves balancing all of the forces on a body? Statics
0%
No matching quizzes found
Score Distribution
Percent of People with Each Score
Percentile by Number Answered
Your Score History
You have not taken this quiz